Taylor Swift - Red - Statistics

General Stats
  • This quiz has been taken 34 times
  • The average score is 26 of 30
Answer Stats
Answer % Correct
Red
100%
All Too Well
96%
All Too Well (10 Minute Version)
96%
State Of Grace
96%
State Of Grace (Acoustic Version)
96%
22
93%
Begin Again
93%
I Knew You Were Trouble | IKYWT
93%
Ronan
93%
Run
93%
We Are Never Ever Getting Back Together | WANEGBT
93%
Everything Has Changed | EHC
89%
Girl At Home
89%
The Very First Night | TVFN
89%
I Bet You Think About Me | IBYTAM
86%
Message In A Bottle | MIAB
86%
Stay Stay Stay
86%
Babe
82%
Nothing New
82%
Sad Beautiful Tragic | SBT
82%
The Last Time
82%
The Moment I Knew | TMIK
82%
Treacherous
82%
Better Man
79%
Come Back... Be Here | CBBH
79%
Forever Winter
75%
Holy Ground
75%
Starlight
75%
The Lucky One
75%
I Almost Do
71%
No matching quizzes found
Score Distribution
Percent of People with Each Score
Percentile by Number Answered
Your Score History
You have not taken this quiz